UK real estate debt (Record no. 109940)

MARC details
000 -LEADER
fixed length control field 01269cad a22002295a 4500
001 - CONTROL NUMBER
control field E148184
008 - FIXED-LENGTH DATA ELEMENTS--GENERAL INFORMATION
fixed length control field 090812s2009 xxk f 000 0 eng d
035 ## - SYSTEM CONTROL NUMBER
System control number (Sirsi) u148184
041 0# - LANGUAGE CODE
Language code of text/sound track or separate title eng
050 04 - LIBRARY OF CONGRESS CALL NUMBER
Classification number 333.32 $2 18
100 2# - MAIN ENTRY--PERSONAL NAME
Personal name Phillips, Mike
245 00 - TITLE STATEMENT
Title UK real estate debt
Remainder of title a problem for the borrowers and the banks
Medium [electronic resource]
260 ## - PUBLICATION, DISTRIBUTION, ETC.
Place of publication, distribution, etc. London
Name of publisher, distributor, etc. IPF
Date of publication, distribution, etc. 2009
490 #0 - SERIES STATEMENT
Series statement IPF Research Programme Short Papers Series
Volume/sequential designation (1) July 2009
520 ## - SUMMARY, ETC.
Summary, etc. Suggests that banks are acting to cleanse their loan books, and predicts that although there will not be a large amount of property coming on to the market, banks will be forced to act as the number of defaults and sales increases. Argues that, for banks, it is of prime importance to avoid crystallising losses on loans and that they will therefore follow five to 10 year workout process. Suggests that this will mean that UK investment market could remain stagnant for some time.
521 ## - TARGET AUDIENCE NOTE
Target audience note Advanced
590 ## - LOCAL NOTE (RLIN)
Local note KA
651 #4 - SUBJECT ADDED ENTRY--GEOGRAPHIC NAME
Geographic name United Kingdom
Chronological subdivision
690 ## - LOCAL SUBJECT ADDED ENTRY--TOPICAL TERM (OCLC, RLIN)
Topical term or geographic name as entry element PROPERTY-PROPERTY MARKET
856 40 - ELECTRONIC LOCATION AND ACCESS
Uniform Resource Identifier <a href="https://www.ipf.org.uk/mainwebsite/generalcontent8ffa20e881efb5fc6521db79.aspx?map=45a31affcaabd4cd2073ff3a0b2d2cca">https://www.ipf.org.uk/mainwebsite/generalcontent8ffa20e881efb5fc6521db79.aspx?map=45a31affcaabd4cd2073ff3a0b2d2cca</a>
Public note View the item free of charge at www.ipf.org.uk...
942 ## - ADDED ENTRY ELEMENTS (KOHA)
Suppress in OPAC 0
Holdings
Withdrawn status Lost status Source of classification or shelving scheme Damaged status Not for loan Home library Current library Shelving location Date acquired Total Checkouts Full call number Barcode Date last seen Copy number Price effective from Koha item type
    Dewey Decimal Classification     Virtual Virtual Online 12/08/2009   ONLINE PUBLICATION 148184-2001 06/08/2019 1 06/08/2019 Book